Loading...
| Philosophy | 2 | 4 | 0 | 1 | 70 | 45 | 100.33 | 3 | 6 | 0.00 | 0.00 |
| Religion | 0 | 5 | 0 | 2 | 50 | 92 | 113.20 | 3 | 5 | 0.00 | 0.00 |
| Science - Other | 1 | 3 | 0 | 1 | 45 | 51 | 90.00 | 0 | 4 | 0.00 | 0.00 |
| Current Events | 0 | 4 | 0 | 1 | 40 | 81 | 97.50 | 0 | 4 | 0.00 | 0.00 |
| Geography | 1 | 2 | 0 | 1 | 35 | 81 | 105.33 | 1 | 3 | 0.00 | 0.00 |
| Social Science | 1 | 2 | 1 | 1 | 30 | 49 | 95.33 | 1 | 3 | 0.00 | 0.00 |
| History - American | 2 | 0 | 1 | 0 | 25 | 59 | 67.00 | 1 | 2 | 0.00 | 0.00 |
| History - Ancient/Other | 0 | 2 | 0 | 1 | 20 | 111 | 132.00 | 0 | 2 | 0.00 | 0.00 |
| Literature - American | 0 | 2 | 0 | 1 | 20 | 132 | 138.50 | 1 | 2 | 0.00 | 0.00 |
| Fine Arts - Auditory | 0 | 2 | 0 | 0 | 20 | 141 | 144.50 | 0 | 2 | 0.00 | 0.00 |
| Literature - European | 1 | 0 | 0 | 0 | 15 | 49 | 49.00 | 1 | 1 | 0.00 | 0.00 |
| Literature - World | 0 | 2 | 2 | 0 | 10 | 99 | 129.50 | 1 | 2 | 0.00 | 0.00 |
| Science - Physics | 0 | 1 | 0 | 0 | 10 | 111 | 111.00 | 0 | 1 | 0.00 | 0.00 |
| Other Academic | 0 | 1 | 0 | 0 | 10 | 106 | 106.00 | 1 | 1 | 0.00 | 0.00 |
| History - European | 0 | 1 | 0 | 1 | 10 | 139 | 139.00 | 0 | 1 | 0.00 | 0.00 |
| Science - Biology | 0 | 1 | 0 | 0 | 10 | 100 | 100.00 | 0 | 1 | 0.00 | 0.00 |
| Fine Arts - Visual | 0 | 1 | 1 | 1 | 5 | 158 | 158.00 | 0 | 1 | 0.00 | 0.00 |
| History - World | 0 | 1 | 1 | 1 | 5 | 140 | 140.00 | 1 | 1 | 0.00 | 0.00 |
| Literature - British | 0 | 0 | 0 | 0 | 0 | 0.00 | 0 | 0 | 0.00 | 0.00 | |
| Fine Arts - Other | 0 | 0 | 0 | 0 | 0 | 0.00 | 0 | 0 | 0.00 | 0.00 | |
| Mythology | 0 | 0 | 1 | 0 | -5 | 0.00 | 0 | 0 | 0.00 | 0.00 |